000 00703nam a2200217Ia 4500
003 OSt
005 20260416124351.0
008 220923b |||||||| |||| 00| 0 eng d
020 _a8187379006
037 _cGeneral Book
040 _aRTL
_cRTL
_beng
041 _2eng
_aeng
084 _aY:495.447.N8, N8
_qRTL
245 0 _aBhutanes political crisis and refugee problem
260 _a New Delhi
_bSAHRDC India
_c1998
300 _avi, 185 p.
_bIncludes bibliographical references and index
490 _aSouth Asia Human Rights Documentation Centre
650 _aSocial Conflict
942 _hY:495.447.N8, N8
_cGB
_2CC
999 _c613335
_d613335